| 000 | 00350cam a22001097a 4500 | ||
|---|---|---|---|
| 008 | 180718b1953 xxu||||| |||| 00| 0 eng d | ||
| 082 | _aB813x5451 In2 | ||
| 100 | _aAndhra Pradesh. Ministry of Home Affairs | ||
| 245 | _aReport of Hon'ble Mr. Justice Wanchoo on the formation of Andhra Pradesh | ||
| 260 |
_aNew Delhi _bThe author _c1953 |
||
| 300 | _a66p. | ||
| 999 |
_c488863 _d488863 |
||